| 000 | 01202nam a2200229Ia 4500 | ||
|---|---|---|---|
| 001 | L911-40647 | ||
| 003 | IT-CnALBA | ||
| 008 | 170116s9999||||xx |||||||||||||| ||und|| | ||
| 040 |
_aIT-CnALBA _cIT-CnALBA |
||
| 041 | _aITALIANO | ||
| 100 | _aLUGANI VALERIO | ||
| 245 | 0 | _aEMILIA ROMAGNA. ENCICLOPEDIA DELLE REGIONI DI ITALIA. | |
| 250 | _a1a ed. | ||
| 260 |
_aMILANO _bARISTEA EDITRICE _c1966 [1° Ed.:1966 - Ed.Ling.Originale: 1966] |
||
| 300 | _a320 p. | ||
| 500 | _aVIE DI COMUNICAZIONE PRINCIPALI. STORIA E VITA. ASPETTO GEOGRAFICO. LAVORO ATTIVITA ECONOMIA COMMERCIO SERVIZI. FESTE. SPETTACOLI. GASTRONOMIA. PROVINCIA. BOLOGNA PIACENZA PARMA. REGGIO EMILIA MODENA FERRARA. RAVENNA FORLI'. SAN MARINO. UOMINI ILLUSTRI. L | ||
| 501 | _aSocietà San Paolo EM - Piazza San Paolo, 14 - 12051 ALBA (CN) (non commercial uses only) ® Copyright 2017 | ||
| 520 | _aVIE DI COMUNICAZIONE PRINCIPALI. STORIA E VITA. ASPETTO GEOGRAFICO. LAVORO ATTIVITA ECONOMIA COMMERCIO SERVIZI. FESTE. SPETTACOLI. GASTRONOMIA. PROVINCIA. BOLOGNA PIACENZA PARMA. REGGIO EMILIA MODENA FERRARA. RAVENNA FORLI'. SAN MARINO. UOMINI ILLUSTRI. L | ||
| 650 | _aGEOGRAFIA VIAGGI | ||
| 942 | _cBK | ||
| 957 | _71 | ||
| 999 |
_a45735 _bNO _g Copie: 1 _c299616 _d299616 |
||